Diseño de un sistema de control de calidad para el proceso de producción de láminas galvanizadas
Na minha lista:
| Autor principal: | |
|---|---|
| Formato: | Livro |
| Publicado em: |
[San José , Costa Rica]
1985
|
| Assuntos: | |
| Tags: |
Adicionar Tag
Sem tags, seja o primeiro a adicionar uma tag!
|
MARC
| LEADER | 00000nam a2200000Ia 4500 | ||
|---|---|---|---|
| 003 | 002983 | ||
| 005 | 20221231144359.0 | ||
| 008 | 140114s1985 c a m 000 ||s d | ||
| 040 | |c cru CEDI | ||
| 090 | |a TFG 1739 | ||
| 100 | |a Thompson Vicente, Eduardo |9 14362 | ||
| 245 | |a Diseño de un sistema de control de calidad para el proceso de producción de láminas galvanizadas | ||
| 260 | |c 1985 |a [San José , Costa Rica] | ||
| 300 | |a 69 hojas : ilustraciones | ||
| 500 | |a Proyecto de graduación (licenciatura en ingeniería química)-- Universidad de Costa Rica. Facultad de Ingeniería. Escuela de Ingeniería Química | ||
| 650 | |x CONTROL DE CALIDAD |x LAMINAS DE HIERRO Y ACERO |9 14363 | ||
| 942 | |c TFG |2 ddc | ||
| 999 | |c 21020 |d 21020 | ||
